000 00748cab a2200241 4500
001 WB3425-57
008 090401t1998 xxu||||| |||| 00| 0 eng d
035 _a(Sirsi) u87111
041 _aeng
245 _aGRE sues surveyor
260 _c1998
350 _a0
490 _aTimes
_v29 June 1998, 45(1)
520 _aGuardian Royal Exchange has begun a High Court battle against chartered surveyor Ian Donoff for professional negligence. They are demanding £1.3m plus costs.
650 _aCHARTERED SURVEYOR
650 _aGUARDIAN ROYAL EXCHANGE
650 _aNEGLIGENCE
650 _aPROPERTY VALUATIONS
650 _aVALUERS
690 _aMANAGEMENT-BUSINESS MANAGEMENT-PROFESSIONAL PRACTICE
942 _n0
948 _c01/07/1998
999 _c54901
_d54901